| 000 | 00779nam a22002057a 4500 | ||
|---|---|---|---|
| 999 |
_c11970 _d11970 |
||
| 003 | AR-CdUCM | ||
| 008 | 190405b ||||| |||| 00| 0 spa d | ||
| 040 |
_aMUNICIPALIDAD PROVINCIAL DEL CUSCO _cBIBLIOTECA MUNICIPAL DEL CUSCO |
||
| 082 |
_a839.9 / _bB43 / 1931 |
||
| 100 |
_aBeyer, Harald _929605 |
||
| 245 | _aLiteratura noruega / | ||
| 260 |
_aBarcelona : _bLabor, _c1931. |
||
| 300 |
_a174, XII páginas ; _bIlustraciones, _c18.5 cm. |
||
| 440 |
_aColección labor ; _n3 _929606 |
||
| 505 | _aContenido: Periodo vikingo -- Sagas de estirpe y sagas reales -- El apogeo de la edad media -- La iglesia edad media ... | ||
| 650 |
_aLiteratura Noruega _910297 |
||
| 700 |
_aMartínez Ferrando, Ernesto J. (traducción) _929607 |
||
| 942 |
_2ddc _cLIBROS |
||
| 945 |
_aacv _d05/04/2019 |
||